| 000 | 00644nam a22002057a 4500 | ||
|---|---|---|---|
| 003 | BD-DhJNU | ||
| 005 | 20250812050040.0 | ||
| 008 | 250812b |||||||| |||| 00| 0 eng d | ||
| 040 |
_aBD-DhJNU _bENG _cBD-DhJNU _dBD-DhJNU |
||
| 082 |
_223 _a973.3 POR |
||
| 100 | _aPostgate, R. W. | ||
| 245 |
_a Revolution from 1789 to 1906 : _bdocuments selected and ed. with notes and introductions / _cR.W. Postgate |
||
| 260 |
_aNew York : _bHarper Torch books, _c1962. |
||
| 300 |
_axvi, 400p. : _bill. ; _c21 cm. |
||
| 504 | _aIncludes index | ||
| 650 | _aEurope History 1789-1900 | ||
| 650 | _aHistory | ||
| 650 | _aRevolutions | ||
| 942 |
_2ddc _cBK _n0 |
||
| 999 |
_c1986 _d1986 |
||